000 00291nam a22001337a 4500
008 181022b xxu||||| |||| 00| 0 eng d
020 _a9780874776867
041 _aeng
080 _a316
100 _a50
101 _aSOC
245 _aThe Future of The Body
_cMurphy, M
942 _2udc
_cBK
999 _c50511
_d50511